Sistema Paláu. Método fotosilábico: técnica rápida para el aprendizaje de la lectura y la escritura del castellano
Guardat en:
| Format: | Llibre |
|---|---|
| Idioma: | espanyol |
| Publicat: |
Madrid
Anaya
1981
|
| Matèries: | |
| Etiquetes: |
Afegir etiqueta
Sense etiquetes, Sigues el primer a etiquetar aquest registre!
|
MARC
| LEADER | 00000nam a2200000 a 4500 | ||
|---|---|---|---|
| 001 | UCZ8453 | ||
| 003 | CL-VaPUC | ||
| 008 | 960121e19810000SP |||||||||||||||||spa|d | ||
| 082 | 0 | 4 | |a 372.6 |b SIS |2 21 |
| 245 | 1 | 0 | |a Sistema Paláu. Método fotosilábico: técnica rápida para el aprendizaje de la lectura y la escritura del castellano |
| 300 | |a v | ||
| 942 | |c BK | ||
| 945 | |d 19960121 00:00:00 |a cmena | ||
| 260 | |a Madrid |b Anaya |c 1981 | ||
| 650 | 0 | |a Métodos de enseñanza |9 270413 | |
| 650 | 0 | |a Educación básica |9 224933 | |
| 650 | 0 | |a Enseñanza de la lectura |9 308364 | |
| 650 | 0 | |a Enseñanza de la escritura |9 307377 | |
| 583 | |a last modification |c 19960121 00:00:00 |k Rodrigo Vera | ||
| 999 | |c 244351 |d 244349 | ||
| 952 | |0 0 |1 0 |4 0 |6 372_600000000000000_SIS_1981 |7 0 |8 P |9 258384 |a BIBEDU |b BIBEDU |c BIBEDU_PB |d 2019-11-19 |h v.1 |i 1617567 |o 372.6 SIS 1981 |p 1617567 |r 2024-01-25 |w 2019-11-19 |y BK |k EDU | ||
| 952 | |0 0 |1 0 |4 0 |6 372_600000000000000_SIS_1981 |7 0 |8 P |9 258385 |a BIBEDU |b BIBEDU |c BIBEDU_PB |d 2019-11-19 |h v.2 |i 1617532 |o 372.6 SIS 1981 |p 1617532 |r 2024-01-25 |w 2019-11-19 |y BK |k EDU | ||
| 952 | |0 0 |1 0 |4 0 |6 372_600000000000000_SIS_1981 |7 0 |8 P |9 258386 |a BIBEDU |b BIBEDU |c BIBEDU_PB |d 2019-11-19 |h v.3 |i 1616404 |o 372.6 SIS 1981 |p 1616404 |r 2024-01-25 |w 2019-11-19 |y BK |k EDU | ||